| 000 | 01530cam a22003374a 4500 | ||
|---|---|---|---|
| 001 | 13620935 | ||
| 003 | NUST-PNEC | ||
| 005 | 20170116180703.0 | ||
| 008 | 040610s2005 njua b 001 0 eng | ||
| 010 | _a 2004013108 | ||
| 020 | _a0471698334 | ||
| 040 |
_aDLC _cPNEC |
||
| 042 | _apcc | ||
| 050 | 0 | 0 |
_aQA297 _b.A685 2005 |
| 082 | 0 | 0 |
_a518 YAN _222 |
| 100 |
_9279 _aYang, Won Y. |
||
| 245 | 0 | 0 |
_aApplied numerical methods using MATLAB / _cWon Young Yang ... [et al.]. |
| 260 |
_aHoboken, N.J. : _bWiley-Interscience, _cc2005. |
||
| 300 |
_axiv, 509 p. : _bill. ; _c25 cm. |
||
| 500 | _aIncludes Index http://www.amazon.com/Applied-Numerical-Methods-Using-MATLAB/dp/0471698334/ref=sr_1_1?s=books&ie=UTF8&qid=1410592707&sr=1-1&keywords=0471698334 | ||
| 504 | _aIncludes bibliographical references (p. 497-498) and indexes. | ||
| 630 | 0 | 0 | _aMATLAB. |
| 650 | 0 |
_aNumerical analysis _xME, MIS |
|
| 700 | 1 |
_aYang, Wŏn-yŏng, _d1953- |
|
| 856 | 4 | 1 |
_3Table of contents only _uhttp://www.loc.gov/catdir/toc/ecip0418/2004013108.html |
| 856 | 4 | 2 |
_3Contributor biographical information _uhttp://www.loc.gov/catdir/enhancements/fy0616/2004013108-b.html |
| 856 | 4 | 2 |
_3Publisher description _uhttp://www.loc.gov/catdir/enhancements/fy0616/2004013108-d.html |
| 906 |
_a7 _bcbc _corignew _d1 _eecip _f20 _gy-gencatlg |
||
| 942 |
_2ddc _cBK |
||
| 999 |
_c60613 _d60613 |
||